000 00763nam a22002297a 4500
005 20251108170517.0
008 250721s1999 xx 000 0 ara d
082 1 4 _a327.173/جنو
100 1 _aبيرتلس، جاري
245 1 0 _aجنون العولمة :
_bتغير المخاوف من التجارة المفتوحة /
264 1 _aالقاهره :
_bمركز الأهرام للترجمة و النشر،
_c1999.
300 _a208ص
650 1 7 _aالعولمة
650 1 7 _aالإنفتاح
650 1 7 _aالإقتصاد
650 1 7 _aالتجارة الدولية
650 1 7 _aالتجارة الحرة
650 1 7 _aالولايات المتحدة
700 1 _aالسيد، كمال
_eترجمة
942 _2ddc
_cBK
999 _c42270
_d42270